000 00263nam a22001217a 4500
008 181017b xxu||||| |||| 00| 0 eng d
041 _aeng
080 _a321
100 _a21
101 _aPOL
245 _aThe Politics Diplomacy
_cBaker.J.A
942 _2udc
_cBK
999 _c50066
_d50066